UK land price mid-league (Record no. 78942)
[ view plain ]
| 000 -LEADER | |
|---|---|
| fixed length control field | 01129cab a22001935a 4500 |
| 001 - CONTROL NUMBER | |
| control field | L138636 |
| 008 - FIXED-LENGTH DATA ELEMENTS--GENERAL INFORMATION | |
| fixed length control field | 070628s2007 xxkb f s 000 0 eng d |
| 035 ## - SYSTEM CONTROL NUMBER | |
| System control number | (Sirsi) u138636 |
| 041 0# - LANGUAGE CODE | |
| Language code of text/sound track or separate title | eng |
| 100 1# - MAIN ENTRY--PERSONAL NAME | |
| Personal name | Bailey, Ian |
| 245 00 - TITLE STATEMENT | |
| Title | UK land price mid-league |
| 260 ## - PUBLICATION, DISTRIBUTION, ETC. | |
| Date of publication, distribution, etc. | 2007 |
| 490 ## - SERIES STATEMENT | |
| Series statement | Farmland Market |
| Volume/sequential designation | (67) Autumn 2007, 30-31(2) |
| 520 ## - SUMMARY, ETC. | |
| Summary, etc. | The range of EU land values is huge, ranging from €500/ha in Romania to almost €30 000/ha in the Netherlands. UK prices are below the median point of these values despite the current boom. In order to safeguard healthy functioning of their property markets, recent accession countries are protected by preventing non-nationals from acquiring land during their accession period. The size and structure of agricultural land in EU countries also varies widely. Volatility is reported in Ireland and Denmark, due to economic and cultural shifts. By contrast, land values in Sweden and Finland have steadily increased post-accession. |
| 590 ## - LOCAL NOTE (RLIN) | |
| Local note | KA |
| 651 #4 - SUBJECT ADDED ENTRY--GEOGRAPHIC NAME | |
| Geographic name | Europe |
| 690 ## - LOCAL SUBJECT ADDED ENTRY--TOPICAL TERM (OCLC, RLIN) | |
| Topical term or geographic name as entry element | PROPERTY-RURAL AND NATURAL ASSETS-AGRICULTURAL PROPERTY-AGRICULTURAL LAND |
| 942 ## - ADDED ENTRY ELEMENTS (KOHA) | |
| Suppress in OPAC | 0 |
| Withdrawn status | Lost status | Source of classification or shelving scheme | Damaged status | Not for loan | Home library | Current library | Shelving location | Date acquired | Total Checkouts | Full call number | Barcode | Date last seen | Copy number | Price effective from | Koha item type |
|---|---|---|---|---|---|---|---|---|---|---|---|---|---|---|---|
| Dewey Decimal Classification | London | London | Journal article | 28/06/2007 | L138636 | 138636-1001 | 06/08/2019 | 1 | 06/08/2019 | Journal article |